النبأ العظيم : (Record no. 16290)
[ view plain ]
| 000 -الفاتح | |
|---|---|
| حقل البيانات ثابتة الطول | 00883nam a22001937a 4500 |
| 005 - وقت وتاريخ اخر تعامل مع التسجيلة | |
| رقم الضبط | 20111201163417.0 |
| 008 - عناصر البيانات ثابتة الطول - معلومات عامة | |
| حقل البيانات ثابتة الطول | 111201s1969 ku||||| ||| 00| 0ara d |
| 082 ## - رقم تصنيف ديوى العشرى | |
| رقم الطبعة | 22 |
| رقم التصنيف | 229 |
| رقم المادة | د ر ا |
| 100 ## - المدخل الرئيسى - إسم شخصى | |
| 9 (RLIN) | 27985 |
| الإسم الشخصى | دراز، محمد عبد الله |
| 245 ## - بيان العنوان | |
| العنوان | النبأ العظيم : |
| بقية العنوان | نظرات جديدة في القرآن / |
| بيان المسئوليه,etc | محمد عبد الله دراز. |
| 260 ## - PUBLICATION, DISTRIBUTION, ETC. (IMPRINT) | |
| مكان الناشر او الموزع | الكويت : |
| اسم الناشر او الموزع | دار القلم للطباعة والنشر والتوزيع، |
| تاريخ النشر أو التوزيع | 1969. |
| 300 ## - الوصف المادى | |
| التعداد | 215 ص. ؛ |
| أبعاد الوعاء | 24 سم. |
| 505 ## - تبصرة محتويات-الفهرس | |
| تبصرة المحتويات المصاغة | يشتمل على ارجاعات ببليوجرافية. |
| 650 ## - المدخل الاضافى بالموضوع-مصطلح موضوعى | |
| 9 (RLIN) | 13683 |
| مصطلح موضوعي أو اسم جغرافي كعنصر مدخل | القرآن، مباحث عامة |
| 650 ## - المدخل الاضافى بالموضوع-مصطلح موضوعى | |
| 9 (RLIN) | 14884 |
| مصطلح موضوعي أو اسم جغرافي كعنصر مدخل | القرآن، علوم |
| 653 ## - مصطلح تكشيفى غير مقيد | |
| Resource For college | |
| Arrived date list | December2011 |
| 942 ## - عناصر المدخل الإضافي( كوها) | |
| مصدر التصنيف او مخطط الترفيف | Dewey Decimal Classification |
| Koha [default] item type | Book - Borrowing |
| حالة التراجع | حالة الفقد | مصدر التصنيف او خطة الترفيف | حالة تلف | ليس للاعارة | مجموعات كوها | المكان الدائم | المكان الحالي | موقع الترفيف | تاريخ الاكتساب | Source of acquisition | رقم الاستدعاء | الباركود | Date last seen | نوع الوعاء |
|---|---|---|---|---|---|---|---|---|---|---|---|---|---|---|
| Dewey Decimal Classification | Alef-Baa | Central Library | Central Library | Lower Floor | 01/12/2011 | 229 د ر ا | 000025757 | 15/07/2025 | Book - Borrowing |